Extremely Hard General Knowledge #81 - Statistics

General Stats
  • This quiz has been taken 97 times
  • The average score is 4 of 20
Answer Stats
Hint Answer % Correct
How old is Juliet in Shakespeare's romantic tragedy Romeo and Juliet? 13
96%
In which year did the Beatles release the Sgt. Pepper's Lonely Hearts Club Band album? 1967
58%
What is the capital and the largest city on the Indonesian island of Bali? Denpasar
40%
What is the name of a bird's nest for an eagle or other bird of prey? Eyrie
35%
What is the name of the study, or combined study and collection, of stamps? Philately
31%
In computing, what does CRT stand for, when referring to the display device that was eventually replaced by plasma and LCD? Cathode ray tube
29%
The Gyle, Cameron Toll, and St James Quarter are all shopping centres based in and around which UK city? Edinburgh
27%
Scylla and Charybdis are sea monsters from Greek mythology thought to have been at opposite ends of which body of water between Sicily and Calabria? Strait of {Messina}
25%
Found in leafy greens and used by the body to make red blood cells, folic acid is a synthetic form of which vitamin? Vitamin {B9}
23%
What is the official and national language of Bhutan? Dzongkha
20%
With a name derived from the region located in Hungary and Slovakia, which sweet wine is mentioned in the Hungarian national anthem? Tokaji
11%
Which MLB team are the youngest team to win a World Series, doing so in only their fourth season of existence in 2001? Arizona Diamondbacks
10%
Which Danish composer is well-known for his two operas, Saul and David (1901) and Masquerade (1906)? Carl Nielsen
10%
Who was lead singer of Hot Chocolate from 1968 to 1986? Errol Brown
7%
Which American composer won Oscars for Best Original Score and Best Original Song for The Little Mermaid (1989), Beauty and the Beast (1991), Aladdin (1992), and Pocahontas (1995)? Alan Menken
6%
Who portrayed Miss Moneypenny in the first 14 James Bond films spanning from 1962 to 1985? Lois Maxwell
4%
Who became the President of Kenya in September 2022, the first president representing the UDA (United Democratic Alliance) political party? William Ruto
4%
Which Ecuadorian tennis player won the Men's French Open in 1990? Andrés Gómez
2%
The traditional Welsh folk song Sosban Fach, cataloguing the troubles of a harassed housewife, translates to what in English? Little saucepan
2%
What is the name of the deep blue pigment obtained by roasting cobalt ore? Zaffre
0%
No matching quizzes found
Score Distribution
Percent of People with Each Score
Percentile by Number Answered
Your Score History
You have not taken this quiz